000 00332 a2200157 4500
001 75487
020 _a9788516089788
040 _cAnchieta - Colégio São Paulo
100 _aMarques, Octomar
240 1 0 _aMatemática
_lpor
245 1 0 _aMatemática
300 _a319
362 0 _a2013
650 4 _aMatemática
942 _cBK
999 _c75487
_d75487